00795cam a22002411i 4500001001300000003000400013005001700017008004100034010001700075035001900092040001800111042001200129050002700141051001500168100002900183245010500212260004400317300002800361490005600389500005200445650003900497999001700536e 26000076 DLC20260227111216.0820121s1926 xx 000 0 eng  ae 26000076  a(OCoLC)8080898 aDLCcKWSdDLC apremarc00aL111b.A6 1925, no. 33 aLA210b.F61 aFoster, Merle A.,d1890-10aEducation pays the state/cby Merle A. Foster, principal statistical assistant, Bureau of education. aWashington :bGovt. print. off.,c1926. a27 p. :bill. ;c23 cm.0 aU. S. Bureau of education. Bulletin, 1925 ;vno. 33 aAt head of title: Department of the interior... 0aEducationzUnited StatesxFinance. c20803d20803